LEADER 01653nam a2200385 a 4500 001 000000160824 003 CaOOAMICUS 005 20170519113833.0 008 170519s2016 it u000 u ita r 020 $a978-88-7642-565-3* 032 $aLibriCat 040 $aPUL$bita 041 0 $aita$alat 082 04$a870.9 100 1 $aCesarini Martinelli, Lucia.$0(OLS)http://pul/name/99950 245 10$aUmanesimo e filologia /$cLucia Cesarini Martinelli ; a cura di Sebastiano Gentile. 260 $aPisa :$bEdizioni della Normale,$c©2016$aFirenze :$bIstituto Nazionale di Studi sul Rinascimento 300 $a873 p. ;$c24 cm. 490 1 $aClavis ;$v03 504 $aBibliografia in nota. 546 $aInclude testi in latino. 650 4$aFilologia latina.$0(OLS)http://pul/subject/44599 650 4$aLetteratura latina.$0(OLS)http://pul/subject/2183 700 1 $aGentile, Sebastiano.$0(OLS)http://pul/name/102926 830 0$aClavis ;$v03.$0(OLS)http://pul/title/200532 850 $aPUL 852 $aPUL$W1$xSL Cons. Gen., Altre Classi 3$y75$m940 CESLU 1$j184667$qDDC 21$B187857$CPULBib$Z2$F187857 $H129677 $81 941 1 $a9 961 $aPrecedente collocazione: 870. 9 CESLU 1 996 $6020$a978-88-7642-565-3*$9(OLS)http://pul/number/162727 996 $6082$a870.9$9(OLS)http://pul/classification/611 996 $6245$aUmanesimo e filologia$9(OLS)http://pul/title/200531 996 $6260$aPisa :$bEdizioni della Normale$9(OLS)http://pul/publisher/80451 996 $6260$aFirenze :$bIstituto Nazionale di Studi sul Rinascimento$9(OLS)http://pul/publisher/55795 LEADER 01743nam a2200325 a 4500 001 000000149565 003 CaOOAMICUS 005 20160222091010.0 008 160222s2015 vc u000 u ita r 020 $a978-88-209-9614-7* 032 $aLibriCat 040 $aPUL$bita 082 04$a261.8 110 2 $aPontificio consiglio della giustizia e della pace.$bAssemblea plenaria$n(28 :$d2014).$0(OLS)http://pul/name/95340 245 13$aLa dimensione sociale della fede oggi : $b"Caritas in veritate" e "Evangelii gaudium", testi della XXVIII Assemblea plenaria del Pontificio Consiglio della giustizia e della pace. 260 $aCittą del Vaticano :$bLibreria editrice vaticana,$c©2015. 300 $a95 p. ;$c21 cm. 504 $aBibliografia in nota. 610 24$aPapi (2005-2013 : Benedictus XVI)$tCaritas in veritate.$0(OLS)http://pul/subject/38365 610 24$aPapi (2013-2025 : Franciscus)$tEvangelii Gaudium.$0(OLS)http://pul/subject/41351 650 4$aDottrina sociale della Chiesa.$0(OLS)http://pul/subject/33229 850 $aPUL 852 $aPUL$W1$xSL Religione 3$y85$m261. 8 PCGP 13$j172223$qDDC 21$B173848$CPULBib$Z2$F173848 $H127150 $81 941 1 $a9 960 $aDottrina sociale cristiana$933229 996 $6020$a978-88-209-9614-7*$9(OLS)http://pul/number/159797 996 $6082$a261.8$9(OLS)http://pul/classification/367 996 $6245$aLa dimensione sociale della fede oggi : $b"Caritas in veritate" e "Evangelii gaudium", testi della XXVIII Assemblea plenaria del Pontificio Consiglio della giustizia e della pace$9(OLS)http://pul/title/188569 996 $6260$aCittą del Vaticano :$bLibreria editrice vaticana$9(OLS)http://pul/publisher/47920